000 00653nam a2200205 a 4500
008 080109s1986 ||||||||||||||||| || u
020 _a0070849242
050 _aHD 31 Ped
100 _aBoydell, Tom
245 1 0 _aA manager's guide to self-development
250 _a2nd ed.
260 _aLondon
_bMcGraw-Hill
_c1986
300 _av, 236p. : ill.
350 _a0.00
500 _aIncludes index.
650 0 _aMANAGEMENT
700 _aBurgoyne, John (John G.)
700 _aPedler, Mike
995 _D0.00
_FCBU-MAIN LIBRARY (Kitwe)
_H1
_I10.95
_M1
_UAVAILABLE
_ZMain Library Open Access Collection
999 _c50106
_d50106